| 000 | 00539nam a2200145 a 4500 | ||
|---|---|---|---|
| 008 | 120416s1974 ||||||||||||||||| || u | ||
| 050 | _aT 57.6 Sys | ||
| 100 | _aKnapp, Robert W | ||
| 245 | 1 | 0 |
_aSystem analysis techniques _cedited by J. Daniel Couger |
| 260 |
_aNew York _bJohn Wiley and Sons _c1974 |
||
| 300 | _axii, 509p. : ill. | ||
| 350 | _a0.00 | ||
| 700 | _aCouger, J. Daniel | ||
| 995 |
_D0.00 _FCBU-MAIN LIBRARY (Kitwe) _H1 _I0.00 _M1 _UAVAILABLE _ZAnnex Low-Usage Collection |
||
| 999 |
_c59302 _d59302 |
||